MDQL
is popping MORE tags! Check the
thread
!
Quizzes
Events
Quiz Creation
Community
Videos
Private Events
Remove Ads
Sign In
Join for FREE
Feedback
Dark Mode
Quiz Categories
Sports
Geography
Music
Movies
Television
Just For Fun
Miscellaneous
History
Literature
Language
Science
Gaming
Entertainment
Religion
Holiday
For Kids
Quiz Lab
Recent
Popular Today
Quiz Kudos Today
Editor Picks
Curator Picks
Quizzes by...
Day
Popularity
Type
Ratings
Length
Year
Community
Subscriptions
Recent Discussions
Orange Saloon
Badges
Playlists
Quests
Create
Leaderboards
Showdown
Live 5
Trivia Bingo
Activity
Puzzle Library
Sporcle Events
Private Events
Virtual Trivia
Globe League
Become a Host
Pub Owners
SporcleCon
Opinionation
Our Games
Videos
Blog
Mobile Apps
Partnerships
Remove Ads and Go Orange
Feedback
Sports
Athletes
MLB
NBA
NHL
NFL
Soccer
Sports Teams
WWE
NCAA
Football
Premier League
Basketball
Baseball
Hockey
Golf
Tennis
Cricket
Rugby
Auto Racing
Olympics
World Cup
Sports
Athletes
MLB
NBA
NHL
NFL
Soccer
Sports Teams
WWE
NCAA
Football
Premier League
Basketball
Baseball
Hockey
Golf
Tennis
Cricket
Rugby
Auto Racing
Olympics
World Cup
Random Quiz
Search Sporcle
×
Quiz Lab
Quiz Lab
Sports
Baseball
Type in answers that appear in a list
Type in answers that appear in a list
Classic
Best Score? Go Orange.
MLB - Postseason Walkoff Homers Stats
Can you name the players who have hit a walkoff home run in the postseason?
By
deej
15m
52 Questions
274 Plays
274 Plays
274 Plays
Comments
Comments
Give Quiz Kudos
Give Quiz Kudos
-
- Ratings
hide this ad
More Info
Replay
Link that replays current quiz
Next Quiz
Link to next quiz in quiz playlist
You Got
0%
They Got
Avg Score
36%
Avg Friend Score
Upgrade to see
Score Distribution
Jump to the score distribution portion of the page
Score
0/52
Timer
15:00
0
Plays Today
Series
Player
% Correct
1993 WS
Joe Carter
85%
2001 WS
Derek Jeter
82.5%
1988 WS
Kirk Gibson
80.7%
2003 ALCS
Aaron Boone
77.7%
2011 WS
David Freese
77.1%
2004 ALDS
David Ortiz
75.9%
2004 ALCS
David Ortiz
75.9%
1960 WS
Bill Mazeroski
73%
2007 ALDS
Manny Ramirez
69%
2016 ALWC
Edwin Encarnacion
68.8%
1996 ALCS
Bernie Williams
65.7%
1999 ALCS
Bernie Williams
65.7%
2018 WS
Max Muncy
65.4%
1991 WS
Kirby Puckett
59.9%
1975 WS
Carlton Fisk
56.9%
1985 NLCS
Ozzie Smith
56.6%
2006 ALCS
Magglio Ordonez
54.4%
1964 WS
Mickey Mantle
54%
2017 NLCS
Justin Turner
53.8%
2003 WS
Alex Gonzalez
52.2%
2014 NLCS
Travis Ishikawa
52.1%
2011 ALCS
Nelson Cruz
52.1%
2005 WS
Scott Podsednik
51.5%
2019 ALCS
Carlos Correa
50%
1988 WS
Mark McGwire
49.3%
2012 ALDS
Raul Ibanez
43.8%
Series
Player
% Correct
1976 ALCS
Chris Chambliss
43.1%
2001 ALCS
Alfonso Soriano
41.6%
2009 ALDS
Mark Teixeira
40.1%
2004 NLCS
Jim Edmonds
39.8%
1984 NLCS
Steve Garvey
38.3%
1986 NLCS
Lenny Dykstra
37.6%
1973 NLCS
Johnny Bench
37.2%
1995 ALDS
Jim Leyritz
36.1%
1999 WS
Chad Curtis
36.1%
1999 NLDS
Todd Pratt
35.8%
2012 NLDS
Jayson Werth
33.3%
2014 NLCS
Kolten Wong
33.3%
2005 NLDS
Chris Burke
29.9%
1957 WS
Eddie Mathews
29.2%
2004 NLCS
Jeff Kent
29.2%
2013 ALDS
Jose Lobaton
22.9%
1995 ALDS
Tony Pena
22.6%
2003 ALDS
Trot Nixon
22.6%
2000 NLDS
Benny Agbayani
21.2%
1954 WS
Dusty Rhodes
20.8%
1949 WS
Tommy Henrich
19.7%
1973 ALCS
Bert Campaneris
19.7%
1979 ALCS
John Lowenstein
13.9%
2004 NLDS
Rafael Furcal
12.8%
1981 NLDS
Alan Ashby
7.7%
1981 NLDS
George Vukovich
6.9%
Quiz Playlist
Details
Report
Send in Message
Add To Playlist
More Info:
This is another quiz that is really hard, and I don't literally expect anyone to get a perfect score, but is interesting and informative. Enjoy!
Classic:
Type in answers that appear in a list
Quiz Source
Last Updated: Jul 7, 2017
Quiz Scoreboard
CHALLENGE
Sign Up to Join the Scoreboard
Show All
Scores
Hide
Comments
May contain spoilers
Recently Published
Two Season TV Shows II
by 123Four
Television
10m
Image Sorting: Flags VI
by Barbecue
Geography
2m
Find the 'City' Movie
by crazypaving
Movies
60s
More to Explore
Quiz From the Vault
Featured Blog Post
14 Easter Pick-up Lines to Find Eggs With
hide this ad
You Might Also Like...
Tags
Baseball Quiz
MLB Quiz
hit
home
Homer
Pitchers
Player
postseason
run
Walkoff
Today's Top Quizzes in Sports
Browse Sports
hide this ad
Today's Top Quizzes in Baseball
Browse Baseball
Top Contributed Quizzes in Sports
1
Les meilleurs buteurs des matchs entre le PSG et l’OM
2
Les entraîneurs de l'OM et du PSG au 21e siècle
3
2022 World Cup Stars
4
Les joueurs passés par le PSG et l'OM
5
Players with Multiple 50 Home Run Seasons
6
Criteria MLB: Left Handed Sluggers
7
FIFA Club World Cup Champions
8
Les joueurs passés par le LOSC et le RC Lens
9
NBA Logic Puzzle 2.0
10
Top 10 NHL Goal Scorers of All Time
Explore More
Trending Topics
Disney
Crossword
Marvel
Anime
Kpop
NBA
Harry Potter
Song
NFL
The Office
Soccer
Country
Puzzle
WWE
Pokémon
hide this ad
More By:
deej
Quiz
Plays
Rating
Category
Featured
Created
MLB 40-HRs by 4-Letter Players
176,941
4.01
Sports
Oct 1, 2009
MLB 300 HR with 1 Team
143,196
4.63
Sports
Jun 21, 2010
MLB Pitching Rotations (2000s)
132,834
4.52
Sports
Mar 16, 2010
MLB Batting Title Blitz - 2010s
76,624
4.40
Sports
Oct 23, 2012
MLB 30 HR Seasons (1990s)
74,884
4.64
Sports
Jun 2, 2013
Go to Creator's Profile
Score Distribution
Quiz Creator Spotlight
deej
Follow
Send a Message
Quizzes Created
-
Created Quiz Play Count
-
More By This Creator
Popular Quizzes Today
1
Find the US States - No Outlines Minefield
2
Colored Red Africa Blitz
3
Find the 'City' Movie
4
5x2 Blitz: Bands
5
The Countries of the World
6
Find the Countries of Europe - No Outlines Minefield
7
Find the US States
8
US States
More Sports Quizzes
10 to 1: Where are these Man United players from?
Quiz Lab
Trending Quizzes
Colored Red Europe Blitz I
Colored Red Africa Blitz II
Colored Red Europe Blitz II
Colored Red Africa Blitz III
Colored Red Europe Blitz III
Recently Updated
How Do You Spell That?
pecheneg
Godzilla Movies
pecheneg
Grab Bag: 4-10 Letters
pecheneg
2024 March Madness Bracket
pecheneg
Famous TV Couples
Peacemaker
Champions League XIs: Real Madrid
pecheneg
Largest US Cities 1790-2010
pecheneg
Rides in Walt Disney World
pecheneg
Most Oscar Losses (Acting)
pecheneg
Beyoncé Albums
pecheneg
Trending Topics
Crossword
Disney
Anime
Marvel
NBA
Harry Potter
Kpop
Country
Puzzle
Song
WWE
Soccer
NFL
Pokémon
The Office
Your Account Isn't Verified!
In order to create a playlist on Sporcle, you need to verify the email address you used during registration. Go to your
Sporcle Settings
to finish the process.
Report this User
Report this user for behavior that violates our
Community Guidelines
.
Details:
Send Report
Go to the Sporcle.com Mobile Site →
Comments